Statistiques concernant Les vainqueurs du trophée UNFP 2021-2022

Cliquez ici pour prendre le quiz!

Statistiques générales

  • Ce quiz a été pris 154 fois
  • Le résultat moyen est 6 sur 16

Statistiques - réponses

TrophéeLauréat% Correct
Meilleur joueur de Ligue 1Kylian Mbappé
99%
Meilleur gardien de Ligue 1Gianluigi Donnarumma
95%
Meilleur entraîneur de Ligue 1Bruno Genesio
67%
Meilleur espoir de Ligue 1William Saliba
60%
Meilleur joueur français à l'étrangerKarim Benzema
53%
Plus beau but de Ligue 1Bamba Dieng
45%
Meilleur arbitre de Ligue 1Benoit Bastien
27%
Meilleure joueuse de D1Marie-Antoinette Katoto
27%
Joueur citoyen de l'annéeMamadou Sakho
25%
Meilleur joueur de Ligue 2Branco van den Boomen
23%
Meilleur entraîneur de Ligue 2Philippe Montanier
21%
Meilleur gardien de Ligue 2Benjamin Leroy
16%
Plus beau but de Ligue 2Youssouf M'Changama
10%
Meilleur arbitre de Ligue 2Olivier Thual
5%
Meilleure gardienne de D1Christiane Endler
4%
Meilleure espoir de D1Laurina Fazer
4%

Distribution des résultats

Percentile par nombre de réponses

% des personnes avec chaque résultat

Votre développement - résultats

Vous n’avez pas pris ce quiz